<?xml version="1.0" encoding="UTF-8"?>
<record
    xmlns:xsi="http://www.w3.org/2001/XMLSchema-instance"
    xsi:schemaLocation="http://www.loc.gov/MARC21/slim http://www.loc.gov/standards/marcxml/schema/MARC21slim.xsd"
    xmlns="http://www.loc.gov/MARC21/slim">

  <leader>01197nam a2200265 a 4500</leader>
  <controlfield tag="001">BRCA_4969</controlfield>
  <controlfield tag="005">20190320204901.0</controlfield>
  <controlfield tag="008">820309s1891    sp-abc####---#000-0#spa-#</controlfield>
  <datafield tag="041" ind1=" " ind2=" ">
    <subfield code="a">spa</subfield>
  </datafield>
  <datafield tag="044" ind1=" " ind2=" ">
    <subfield code="a">sp</subfield>
  </datafield>
  <datafield tag="050" ind1=" " ind2="4">
    <subfield code="a">E111</subfield>
    <subfield code="b">.A84 1891</subfield>
  </datafield>
  <datafield tag="100" ind1="1" ind2=" ">
    <subfield code="a">Asensio y Toledo, Jos&#xE9; Mar&#xED;a</subfield>
    <subfield code="d">1829-1905.</subfield>
    <subfield code="9">12643</subfield>
  </datafield>
  <datafield tag="245" ind1="1" ind2="0">
    <subfield code="a">Crist&#xF3;bal Col&#xF3;n</subfield>
    <subfield code="b">su vida, sus viajes, sus descubrimientos</subfield>
    <subfield code="c">por D. Jos&#xE9; Mar&#xED;a Asensio.</subfield>
  </datafield>
  <datafield tag="260" ind1=" " ind2=" ">
    <subfield code="a">Barcelona</subfield>
    <subfield code="b">Espasa</subfield>
    <subfield code="c">[1891]</subfield>
  </datafield>
  <datafield tag="300" ind1=" " ind2=" ">
    <subfield code="a">2 v.</subfield>
    <subfield code="b">il. (algunas a color), 16 l&#xE1;minas, mapas</subfield>
    <subfield code="c">32 cm.</subfield>
  </datafield>
  <datafield tag="500" ind1=" " ind2=" ">
    <subfield code="a">Edici&#xF3;n monumental. Espl&#xE9;ndida edici&#xF3;n ilustrada con magn&#xED;ficas oleograf&#xED;as, copia de famosos cuadros de artistas espa&#xF1;oles tales como Balaca, Cano, Jover, Madrazo, Mu&#xF1;oz Degrain, Ortego, Puebla, Rosales, Soler. Enriquecida en todas sus p&#xE1;ginas con orlas, cabeceras y vi&#xF1;etas aleg&#xF3;ricas</subfield>
  </datafield>
  <datafield tag="500" ind1=" " ind2=" ">
    <subfield code="a">No se tiene la carta geogr&#xE1;fica</subfield>
  </datafield>
  <datafield tag="500" ind1=" " ind2=" ">
    <subfield code="a">Estado f&#xED;sico: encuadernaci&#xF3;n deteriorada, hojas desprendidas en v.1</subfield>
  </datafield>
  <datafield tag="500" ind1=" " ind2=" ">
    <subfield code="a">DD7</subfield>
  </datafield>
  <datafield tag="600" ind1="1" ind2="4">
    <subfield code="a">Col&#xF3;n, Cristobal</subfield>
    <subfield code="d">1451-1506</subfield>
    <subfield code="v">Biograf&#xED;as</subfield>
    <subfield code="9">12644</subfield>
  </datafield>
  <datafield tag="650" ind1="1" ind2="4">
    <subfield code="a">Am&#xE9;rica</subfield>
    <subfield code="x">Descubrimiento y exploraciones</subfield>
    <subfield code="9">12645</subfield>
  </datafield>
  <datafield tag="650" ind1="1" ind2="4">
    <subfield code="a">Am&#xE9;rica</subfield>
    <subfield code="x">Historia</subfield>
    <subfield code="9">12646</subfield>
  </datafield>
  <datafield tag="902" ind1=" " ind2=" ">
    <subfield code="a">GFM</subfield>
  </datafield>
  <datafield tag="942" ind1=" " ind2=" ">
    <subfield code="2">lcc</subfield>
    <subfield code="c">B</subfield>
  </datafield>
  <datafield tag="999" ind1=" " ind2=" ">
    <subfield code="c">4663</subfield>
    <subfield code="d">4663</subfield>
  </datafield>
  <datafield tag="952" ind1=" " ind2=" ">
    <subfield code="0">0</subfield>
    <subfield code="1">0</subfield>
    <subfield code="4">0</subfield>
    <subfield code="7">0</subfield>
    <subfield code="a">BRCA</subfield>
    <subfield code="b">BRCA</subfield>
    <subfield code="d">2010-10-25</subfield>
    <subfield code="i">DD7</subfield>
    <subfield code="l">0</subfield>
    <subfield code="o">E111 .A84 1891 (DD7)</subfield>
    <subfield code="p">5036</subfield>
    <subfield code="r">2019-03-22 00:00:00</subfield>
    <subfield code="w">2019-03-22</subfield>
    <subfield code="y">B</subfield>
  </datafield>
</record>
